• 首页
  • 本馆介绍
  • 公告通知
  • 最新文献
  • 馆藏检索
  • 电子资源
  • 读者导购
  • 参考咨询
  • 我的图书馆
  • 登录
  • 详细信息显示
  • 放入我的书架
  • 预约/预借图书
  • 作者相关作品
  • 分类相关作品
  • 丛书相关作品
  • 出版社相关作品

书目信息

  • 表格格式
  • 工作单格式
  • 卡片格式
题名:
用年表读通世界史
    
 
作者: 马世力 主编
分册:  
出版信息: 北京   中华书局  2017
页数: 297页
开本: 22cm
丛书名:
单 册:
中图分类: K108
科图分类:
主题词: 世界史--历史年表
电子资源:
ISBN: 978-7-101-12585-6
000 00936nam0 2200229 450
001 012001004105
005 20140928162348.0
010    @a978-7-101-12585-6@dCNY38.00
100    @a20180217d2017 em y0chiy50 ea
101 0  @achi
102    @aCN@b110000
105    @ay z 000yy
106    @ar
200 1  @a用年表读通世界史@9yong nian biao du tong shi jie shi@f马世力主编
210    @a北京@c中华书局@d2017
215    @a297页@d22cm
330    @a本书上起远古,下迄20世纪末,依时间顺序分为四大板块,十四个阅读主题,均有简明概述。用年表贯穿全书,标示公元、地域、国别,以朝代兴衰、政权更替、战役、改革、文化成就和重要人物等为主要内容;中国史大事一并列出,以便对照。二百余条“历史叙事”,以纪事本末的形式介绍各个时期的重要史实,对事件的前因后果、发展脉络作完整叙述。
606 0  @a世界史@x历史年表
690    @aK108@v5
701  0 @a马世力@9ma shi li@f(1949-)@4主编
801  0 @aCN@b上海新华@c20180901
905    @b1170200-4@dK108@e302@f5
    
    用年表读通世界史/马世力主编.-北京:中华书局,2017
    297页;22cm
    
    
    ISBN 978-7-101-12585-6:CNY38.00
    本书上起远古,下迄20世纪末,依时间顺序分为四大板块,十四个阅读主题,均有简明概述。用年表贯穿全书,标示公元、地域、国别,以朝代兴衰、政权更替、战役、改革、文化成就和重要人物等为主要内容;中国史大事一并列出,以便对照。二百余条“历史叙事”,以纪事本末的形式介绍各个时期的重要史实,对事件的前因后果、发展脉络作完整叙述。
●
相关链接 在E读中查询图书 在五车中查询图书 在当当中查询图书 在豆瓣中查询图书


正题名:用年表读通世界史     索取号:K108/302         预约/预借

序号 登录号 条形码 馆藏地/架位号 状态 备注
1 1170200   211702004   第二样本阅览室/ [索取号:K108/302] 在馆    
2 1170201   211702013   史法系资料室/ [索取号:K108/302] 在馆    
3 1170202   211702022   第二借阅区/ [索取号:K108/302] 在馆    
4 1170203   211702031   第二借阅区/ [索取号:K108/302] 在馆    
5 1170204   211702040   第二借阅区/ [索取号:K108/302] 在馆    
唐山师范学院图书馆 欢迎您!
大连网信软件有限公司© 版权所有